| 000 | 01580nam0a2200325 4500 | ||
|---|---|---|---|
| 001 | RU\NLR\bibl\1650708 | ||
| 005 | 20250616033238.0 | ||
| 010 |
_a978-5-7142-1168-3 _975 |
||
| 021 |
_aRU _b2010-38995 _92610 |
||
| 035 | _a(NLR Aleph) 001642031 | ||
| 090 |
_a868099 _c868099 |
||
| 100 | _a20100630d2010 |||y0rusy50 ca | ||
| 101 | 0 | _arus | |
| 102 | _aRU | ||
| 105 | _aa ||||||||| | ||
| 200 | 1 |
_aМетоды статистической обработки результатов измерений в физической культуре и спорте _eучебно-методическое пособие _eдля специальности 050720.65 - физическая культура _fР.М. Гимазов _gДеп. образования и науки Ханты-Манс. авт. округа - Югры, ГОУ ВПО ХМАО-Югры "Сургут. гос. пед. ун-т" |
|
| 210 |
_aСургут _cСурГПУ _cШДП _d2010 |
||
| 215 |
_a128,[2] с. _cил. _d20 |
||
| 300 | _aВ конце кн. авт.: Гимазов Р.М. - к.п.н. | ||
| 320 | _aБиблиогр.: с. 116-117 | ||
| 606 | 1 |
_aСпортивная метрология _jУчебно-методические пособия для высших учебных заведений _91747867 _3RU\NLR\auth\661078445 |
|
| 686 | _aЧ51в6 | ||
| 700 | 1 |
_aГимазов _bР. М. _gРинат Маратович _4070 |
|
| 801 | 0 |
_aRU _bNLR _c20100630 _gRCR |
|
| 801 | 1 |
_aRU _bNLR _c20100630 |
|
| 830 | _aавт. по кн. | ||
| 942 | _cBOOK | ||
| 980 | _aNB | ||
| 980 | _aNBR | ||